| 000 | 00812cam a22002653a 4500 | ||
|---|---|---|---|
| 001 | 12842 | ||
| 003 | PGUSA | ||
| 005 | 20140828083258.0 | ||
| 008 | 040707s2004||||xxu|||||s|||||000 d eng d | ||
| 040 |
_aPGUSA _beng |
||
| 042 | _adc | ||
| 050 | 4 | _aPR | |
| 100 | 1 |
_aShakespeare, William, _d1564-1616 |
|
| 245 | 1 | 2 |
_aA Fairy Tale in Two Acts Taken from Shakespeare (1763) _h[electronic resource] / _cWilliam Shakespeare |
| 260 |
_bProject Gutenberg, _c2004 |
||
| 500 | _aAn abridgement of Garrick's alteration of Midsummer night's dream. | ||
| 506 | _aPublic domain in the USA. | ||
| 516 | _aElectronic text | ||
| 653 | _aComedies | ||
| 653 | _aAthens (Greece) -- Drama | ||
| 653 | _aFairy plays | ||
| 830 | 0 |
_aProject Gutenberg _v12842 |
|
| 856 | 4 | 0 | _uhttp://www.gutenberg.org/ebooks/12842 |
| 942 | _cEB | ||
| 999 |
_c242097 _d242097 |
||